Suomen singlelistan ykköset 2010-luvulla - Statistics

Yleistilastot
  • Tätä visaa on pelattu 615 kertaa
  • Keskiarvotulos 58 / 108
Vastaustilastot
Vuosi Laulu Esittäjä % Oikein
2015 Sä huudat Cheek
98%
2013 Timantit on ikuisia Cheek
98%
2012 Puhelinlangat laulaa Cheek
98%
2010 Jippikayjei Cheek
98%
2015 Sillat Cheek (feat. Ilta)
98%
2012 Anna mä meen Cheek (feat. Jonne Aaron)
98%
2013 Jossu Cheek (feat. Jukka Poika)
98%
2015 Tarkenee JVG
97%
2014 Huominen on huomenna JVG (feat. Anna Abreu)
97%
2011 Häissä JVG (feat. Märkä-Simo)
97%
2012 Kran Turismo JVG (feat. Raappana)
97%
2014 Kesärenkaat Robin
96%
2013 Erilaiset Robin
96%
2012 Frontside Ollie Robin
96%
2015 Sata salamaa Antti Tuisku
93%
2015 Party (Papiidipaadi) Antti Tuisku (feat. Nikke Ankara)
93%
2010/11 Missä muruseni on Jenni Vartiainen
91%
2010 En haluu kuolla tänä yönä Jenni Vartiainen
91%
2012 Älä tyri nyt Jukka Poika
90%
2011 Silkkii Jukka Poika
90%
2015 Hello Adele
86%
2012 Rolling in the Deep Adele
86%
2011/12 Someone Like You Adele
86%
2014 Naurava kulkuri Elastinen
86%
2015 Madafakin darra Roope Salminen & Koirat
86%
2011 Born This Way Lady Gaga
85%
2010 Alejandro Lady Gaga
85%
2010 Bad Romance Lady Gaga
85%
2013 Levikset repee Sini Sabotage (feat. VilleGalle)
83%
2014 Vadelmavene Kasmir
81%
2012 Diamonds Rihanna
77%
2011 We Found Love Rihanna (feat. Calvin Harris)
77%
2010 Waka Waka (This Time for Africa) Shakira
77%
2014 Maradona (Kesä '86) Teflon Brothers
77%
2015 Pämppää Teflon Brothers (feat. Sahamies)
77%
2013 Salil eka, salil vika Musta Barbaari
73%
2013 Hey Brother Avicii
72%
2013 Wake Me Up Avicii
72%
2015 Honey Evelina (feat. Mikael Gabriel)
72%
2011 Selvä päivä Petri Nygård
72%
2014 Beibi Haloo Helsinki!
71%
2012 Gangnam Style PSY
69%
2011 Kohtalon Oma Chisu
65%
2011 Sabotage Chisu
65%
2015 What Do You Mean? Justin Bieber
65%
2010 Jos sä tahdot niin Jippu & Samuli Edelmann
62%
2014 Paha poika Diandra
60%
2012 Mitä tänne jää Erin
56%
2013 The Monster Eminem (feat. Rihanna)
54%
2010 Love the Way You Lie Eminem (feat. Rihanna)
54%
2010 Hirmuliskojen pikkujoululevy Hevisaurus
54%
2011 Poika (Saunoo) Poju
54%
2015 Lähtisitkö VilleGalle (feat. Sanni)
54%
2013 New Way Home Isac Elliot
53%
2014 Sori Paula Vesala
53%
2015 Värifilmi Nikke Ankara (feat. Aki Tykki)
51%
2012 Euphoria Loreen
50%
2015 Love Me Like You Do Ellie Goulding
48%
2010 Mikä boogie Fintelligens
48%
2011 Moves Like Jagger Maroon 5 (feat. Christina Aguilera)
47%
2011 On the Floor Jennifer Lopez (feat. Pitbull)
46%
2010 Vapaa Kaija Koo
46%
2014 Timber Pitbull (feat. Ke$ha)
45%
2014/15 Macho Fantastico Spekti (feat. Tasis)
44%
2012 Hetken tie on kevyt Laura Närhi
42%
2012 Call Me Maybe Carly Rae Jepsen
39%
2013 Let Her Go Passenger
39%
2014 Summer Calvin Harris
37%
2014/15 Outside Calvin Harris (feat. Ellie Goulding)
37%
2014 Blame Calvin Harris (feat. John Newman)
37%
2012 Lämpöö Brädi (feat. Redrama)
35%
2013 Thrift Shop Macklemore & Ryan Lewis (feat. Wanz)
34%
2012 Vuosi vaihtuu Lord Est (feat. Mikael Gabriel)
33%
2011 Reggaerekka Lord Est (feat. Petri Nygård)
33%
2010 Oi Beibi 16 Raptori
33%
2014 Pummilla Tallinnaan Tuomas Kauhanen (feat. Mikko)
33%
2015 See You Again Wiz Khalifa (feat. Charlie Puth)
31%
2011 Pihtiote Apulanta
30%
2011 Vääryyttä!!1! Apulanta
30%
2014 Counting Stars OneRepublic
30%
2014 Dangerous David Guetta (feat. Sam Martin)
28%
2014 Lovers on the Sun David Guetta (feat. Sam Martin)
28%
2014 Bad David Guetta (feat. Vassy)
28%
2015 Russian Roulette Tungevaag & Raaban (with Charlie Who?)
28%
2011 Hold It Against Me Britney Spears
24%
2012 Somebody That I Used to Know Gotye (feat. Kimbra)
24%
2010 Minä Kymppilinja (feat. Mariska)
23%
2015 Samsara 2015 Tungevaag (feat. Emila)
22%
2013 Scream & Shout Will.i.am (feat. Britney Spears)
21%
2012 This Is Love Will.i.am (feat. Eva Simons)
21%
2010 Satellite Lena
20%
2015 Lean On Major Lazer (feat. MØ & DJ Snake)
20%
2012 The Crow, the Owl and the Dove Nightwish
20%
2011 Storytime Nightwish
20%
2014 #SELFIE The Chainsmokers
19%
2012 Give Me All Your Luvin' Madonna (feat. Nicki Minaj & M.I.A.)
18%
2014 Rather Be Clean Bandit (feat. Jess Glynne)
16%
2012 I Cry Flo Rida
14%
2010 Stereo Love Edward Maya (with Vika Jigulina)
10%
2014 Prayer in C Robin Schulz, Lilly Wood and The Prick
10%
2010 Barbra Streisand Duck Sauce
7%
2010 We No Speak Americano Yolanda Be Cool (with DCUP)
5%
2012 Adventti Koti-Viikate-Teollisuus
4%
2010 Juurta jaksain Mokoma
3%
2013 Sirkuskoira Mikko Sipola
2%
2010 Linna Espanjassa Viikate
2%
2010 Decade of Darkness Before the Dawn
1%
2010 The Best Time of Your Life The Giant Leap
1%
Ehtoja vastaavia visoja ei löytynyt
Tulosjakauma
Jokaisen tuloksen saaneiden osuus
Persentiili vastausten määrän mukaan
Tuloshistoriasi
Et ole pelannut tätä visaa